Скарбниця казок світу (Запис № 17250)
[ простий вигляд ]
| 000 -Маркер запису | |
|---|---|
| Контрольне поле сталої довжини | 02312nam a22002537a 4500 |
| 003 - Належність контрольного номера | |
| Контрольне поле | Uzh_bibl |
| 008 - Кодовані дані | |
| Контрольне поле сталої довжини | 260402b |||||||| |||| 00| 0 ukr d |
| 020 ## - Індекс ISBN | |
| ISBN | 979-966-7991-45-5 |
| Ціна | 101.00 |
| 040 ## - Джерело каталогіз. | |
| Код мови каталог. | укр. |
| 041 ## - Код мови видання | |
| Код мови оригіналу | українська |
| Код мови тексту | українська |
| 080 ## - Індекс УДК | |
| Індекс УДК | 398(100) |
| 090 ## - Шифри | |
| Поличний індекс | 398.2(100) |
| Авторський знак | С 47 |
| 100 ## - Автор | |
| Автор | |
| 245 ## - Назва | |
| Назва | Скарбниця казок світу |
| Відповідальність | авт.-упоряд.І.Гончаренко |
| Фізичний носій | Текст |
| 260 ## - Вихідні дані | |
| Місце видання | Харків |
| Видавництво | Промінь |
| Дата видання | 2004 |
| 300 ## - Фізичний опис | |
| Обсяг | 64 с. |
| Ілл./тип відтвор. | іл. |
| Тип одиниці | В опр. |
| 520 ## - Анотація | |
| Анотація | До збірки увійшли захоплюючі казки для малюків. Діти пізнають країну фантазії, дізнаються про відомих і мудрих героїв українських казок, в казках присутній повчальний характер. Яскраві малюнки і декорації зроблять читання ще більш захоплюючим і приємним. Адресується дітям дошкільного та молодшого шкільного віку. Загальний опис: Це збірка казок, відібраних із фольклору різних країн і народів. У ній зібрані як відомі класичні історії, так і менш популярні, але не менш захопливі оповіді. У центрі уваги — універсальні людські цінності, такі як доброта, сміливість, чесність, дружба і винахідливість. Особливості книги: Ілюстрації — яскраві, детальні, добрі малюнки, що оживляють кожну казку і допомагають краще зануритись у чарівний світ оповіді. Мова — доступна й мелодійна українська, адаптована для дітей. |
| 521 ## - Примітка про цільове призначення | |
| Примітка про цільове призначення | Для шкільного віку |
| 546 ## - Примітка про мову | |
| Примітка про мову | укр. |
| 650 ## - Тематичні рубрики | |
| Основна рубрика | Літературно-художне видання |
| 653 ## - Ключові слова | |
| Ключові слова | Кіт у чоботях |
| -- | Білосніжка |
| -- | Русалочка |
| 655 ## - Термін індексування — жанр/форма | |
| Жанр/форма | Дитяча література |
| 942 ## - ADDED ENTRY ELEMENTS (KOHA) | |
| Джерело класифікації чи схема поличного розташування | |
| Koha item type | Книги |
| Статус вилучення | Статус втрати/відсутності | Джерело класифікації чи схема поличного розташування | Статус пошкодження | Тип обігу (не для випозичання) | Постійне розташування | Поточне розташування | Розташування у відділі | Дата надходження | Джерело надходження (постачальник) | Інвентарний номер | Повний (примірниковий) шифр зберігання | Штрих-код | Date last seen | Дата, для якої чинна ціна заміни | Тип одиниці (рівень примірника) |
|---|---|---|---|---|---|---|---|---|---|---|---|---|---|---|---|
| Бібліотека-філія № 1 для дітей | Бібліотека-філія № 1 для дітей | Абонемент молодший відділ | 18/03/2026 | Подаровані | 80828 | 398.2(100) | 19292 | 02/04/2026 | 26/03/2026 | Книги |